| 000 | 03004nam0a2200409 4500 | ||
|---|---|---|---|
| 001 | RU\NLR\BIBL_A\012849368 | ||
| 005 | 20250128194045.0 | ||
| 010 |
_a978-5-85693-834-9 _9186 |
||
| 021 |
_aRU _bКН-П-22-028168 _9КН-П-22-2416 |
||
| 035 | _a(NLR Aleph) 012849368 | ||
| 035 | _a(RuMoRGB)011061355 | ||
| 090 |
_a13310751 _c13310751 |
||
| 100 | _a20220718d2021 u y0rusy50 ca | ||
| 101 | 0 |
_arus _a9tf |
|
| 102 | _aRU | ||
| 105 | _aa j 000zy | ||
| 181 | 0 |
_ai3 _baxxe |
|
| 182 | 0 | _an | |
| 200 | 1 |
_aРусско-сойотский детский разговорник _eучебное пособие _eв дошкольном образовательном учреждении _fМинистерство образования и науки Республики Бурятия, Федеральное государственное бюджетное образовательное учреждение высшего образования "Калмыцкий государственный университет имени Б. Б. Городовикова", Научный центр монголоведных и алтаистических исследований _gавтор-составитель В. И. Рассадин _gредактор: С. М. Трофимова, профессор, доктор филологических наук |
|
| 203 |
_aТекст _bвизуальный _cнепосредственный |
||
| 210 |
_aУлан-Удэ _cБэлиг _d2021 |
||
| 215 |
_a64 с. _cцв. ил. _d22 |
||
| 330 | _aРазговорник представлен в формате бесед и предназначен для обучения сойотскому языку в домашних условиях детей и их родителей, не владеющих родным языком. Пособие может быть использовано на занятиях по развитию речи на сойотском языке в дошкольном образовательном учреждении | ||
| 606 | 1 |
_aРусский язык _xРазговорники _xТувинский язык _2nlr_sh1 |
|
| 686 | 1 | _aШ141.12-498.1 | |
| 686 | 1 | _aШ163.41-498.2 | |
| 702 | 1 |
_aРассадин _bВ. И. _cд-р филол. наук _f1939-2017 _gВалентин Иванович _3RU\NLR\AUTH\7770241 _4220 |
|
| 702 | 1 |
_aТрофимова _bС. М. _cд-р филол. наук _gСветлана Менкеновна _3RU\NLR\AUTH\7754213 _4340 |
|
| 712 | 0 | 2 |
_aКалмыцкий государственный университет им. Б. Б. Городовикова _cЭлиста _bНаучный центр монголоведных и алтаистических исследований _3RU\NLR\AUTH\880511493 _4570 |
| 852 |
_aNLR _bОНЛ _jСойот./3-2 |
||
| 942 | _cBOOK | ||
| 980 | _aSCAN_REQUEST | ||
| 980 | _aNB | ||